|
|
|
|
| LEADER |
01711nam a2200397 a 4500 |
| 001 |
12358007 |
| 008 |
100614s2002 nyub b 001 0 eng d |
| 010 |
|
|
|a \\2001030824
|
| 020 |
|
|
|a 0393977641 (v. A)
|
| 020 |
|
|
|a 0393977552 (v. A : pbk.)
|
| 020 |
|
|
|a 0393977560 (v. B : pbk.)
|
| 020 |
|
|
|a 0393977579 (v. C : pbk.)
|
| 020 |
|
|
|a 0393977587 (v. D : pbk.)
|
| 020 |
|
|
|a 0393977595 (v. E : pbk.)
|
| 020 |
|
|
|a 0393977609 (v. F : pbk.)
|
| 020 |
|
|
|a 039397765X (v. 2)
|
| 020 |
|
|
|a 9780393924572
|
| 040 |
|
|
|a DLC
|c DLC
|d DLC
|d BD-DhAAL
|
| 082 |
0 |
0 |
|a 808.8
|2 21
|
| 245 |
0 |
4 |
|a The Norton anthology of world literature /
|c Sarah Lawall, general editor ; Maynard Mack, general editor emeritus.
|
| 250 |
|
|
|a 2nd ed.
|
| 260 |
|
|
|a New York :
|b Norton,
|c 2002.
|
| 300 |
|
|
|a xxii, 3162 p. :
|b ill., map ;
|c 24 cm.
|
| 362 |
0 |
|
|a Vol. 7
|
| 500 |
|
|
|a Rev. ed. of: The Norton anthology of world masterpieces, expanded edition.
|
| 590 |
|
|
|a LC copy of vol. A, C, and F: Instructor's desk copy.
|
| 504 |
|
|
|a Includes bibliographical references and indexes.
|
| 505 |
0 |
|
|a v. A. Beginnings to A.D. 100 -- v. B. 100-1500 -- v. C. 1500-1650 -- v. D. 1650-1800 -- v. E. 1800-1900 -- v. F. The twentieth century.
|
| 541 |
1 |
|
|e 00020378
|
| 650 |
|
0 |
|a Literature
|v Collections.
|
| 700 |
1 |
|
|a Lawall, Sarah N.
|
| 700 |
1 |
|
|a Mack, Maynard,
|d 1909-
|
| 730 |
0 |
|
|a Norton anthology of world masterpieces, expanded edition.
|
| 852 |
4 |
|
|a Ayesha Abed Library
|j General Shelf
|
| 999 |
|
|
|c 8930
|d 8930
|
| 952 |
|
|
|0 0
|1 0
|2 ddc
|4 0
|6 808_800000000000000_NOR_2002
|7 0
|9 10942
|a BRACUL
|b BRACUL
|c GEN
|d 2010-06-14
|l 3
|m 1
|o 808.8 NOR
|p 3010020378
|r 2025-01-21
|s 2024-11-12
|t 1
|w 2010-06-14
|y BK
|x Transferred from ENH to Ayesha Abed library on 20/12/2023
|